000 01480nam a22003617a 4500
003 CHAP
005 20230613062624.0
008 110728s2010 fr a r 00010 spa d
010 _a101644
011 _a102616
020 _a9789264088030
035 _a113305
040 _cCHAP
082 0 4 _a551.6
_bOc19
110 2 _aOrganización para la Cooperación y el Desarrollo Económicos. París
_983559
245 1 0 _aIntegración de la adaptación en la cooperación para el desarrollo :
_bguía sobre políticas
_c/por Organización para la Cooperación y el Desarrollo Económicos
260 _aParis :
_bOCDE,
_cc2010
300 _a210 p. :
_bilus., cuadros, diagramas, gráfs., tablas
534 _pTít. original :
_tIntegrating climate change adaptation into development co-operation : policy guidance
_cParis : OCDE, 2010.
590 _aBATCH-UPD
_b10
_c20130110
_lUCH01
_h1049
590 _aBATCH-UPD
_b10
_c20130410
_lUCH01
_h0646
590 _aBATCH-UPD
_b10
_c20130914
_lUCH01
_h0821
590 _aCONVERSION
_b10
_c20130109
_lUCH01
_h1356
650 1 4 _aCambio climático.
_917781
650 1 7 _aCooperación internacional
_2
_927771
650 1 4 _aIntegración.
_959498
650 1 4 _aPaíses subdesarrollados.
_985149
650 1 4 _aPolítica ambiental.
_990422
901 _aBK
942 _cLIBRO
949 _a551.6 Oc19
_bBC
_cLIBRO
_d33724002245595
_eLIBRO
_h115407
_i113305
_sb
949 _a551.6 Oc19
_bBC
_cLIBRO
_d33724002310686
_eLIBRO
_fc.2
_gDonaciØn
_h115795
_i113305
_sb
999 _c101644
_d101644